[Event "DEM U12 2025"]
[Site "Willingen GER"]
[Date "2025.06.14"]
[Round "9"]
[White "Teng, David"]
[Black "Poladli, Firuz"]
[Result "1-0"]
[Termination "normal"]
[Board "27"]
[WhiteElo "1837"]
[BlackElo "1584"]
[WhiteClock "00:31:22"]
[BlackClock "00:37:37"]
[PlyCount "137"]
[WhiteFideId "34604570"]
[BlackFideId "13471236"]
[EventCountry "GER"]
[EventRounds "9"]
[EventType "swiss"]
[EventDate "2025.06.07"]

1. e4 {[%clk 01:30:54]} {[%emt 00:00:04]} e5 {[%clk 01:30:57]} {[%emt
00:00:04]} 2. Nf3 {[%clk 01:31:15]} {[%emt 00:00:09]} Nc6 {[%clk 01:31:17]}
{[%emt 00:00:10]} 3. Bb5 {[%clk 01:31:27]} {[%emt 00:00:19]} a6 {[%clk
01:31:42]} {[%emt 00:00:05]} 4. Ba4 {[%clk 01:31:45]} {[%emt 00:00:12]} b5
{[%clk 01:32:07]} {[%emt 00:00:05]} 5. Bb3 {[%clk 01:32:09]} {[%emt 00:00:05]}
Nf6 {[%clk 01:32:21]} {[%emt 00:00:17]} 6. O-O {[%clk 01:32:15]} {[%emt
00:00:23]} Bc5 {[%clk 01:32:29]} {[%emt 00:00:22]} 7. Re1 {[%clk 01:31:24]}
{[%emt 00:01:21]} d6 {[%clk 01:32:46]} {[%emt 00:00:13]} 8. c3 {[%clk
01:31:25]} {[%emt 00:00:29]} Bb7 {[%clk 01:32:35]} {[%emt 00:00:42]} 9. h3
{[%clk 01:30:14]} {[%emt 00:01:40]} O-O {[%clk 01:32:55]} {[%emt 00:00:10]} 10.
d4 {[%clk 01:28:53]} {[%emt 00:01:51]} Bb6 {[%clk 01:33:00]} {[%emt 00:00:24]}
11. Bc2 {[%clk 01:27:15]} {[%emt 00:02:09]} h6 {[%clk 01:33:17]} {[%emt
00:00:13]} 12. Be3 {[%clk 01:24:49]} {[%emt 00:02:56]} Ba7 {[%clk 01:33:29]}
{[%emt 00:00:19]} 13. Nbd2 {[%clk 01:24:02]} {[%emt 00:01:16]} Re8 {[%clk
01:26:47]} {[%emt 00:07:12]} 14. Qb1 {[%clk 01:16:17]} {[%emt 00:08:15]} Ne7
{[%clk 01:19:10]} {[%emt 00:08:07]} 15. Nf1 {[%clk 01:10:59]} {[%emt 00:05:48]}
Ng6 {[%clk 01:14:06]} {[%emt 00:05:35]} 16. Ng3 {[%clk 01:09:40]} {[%emt
00:01:48]} Rc8 {[%clk 01:04:02]} {[%emt 00:10:33]} 17. Qd1 {[%clk 01:07:44]}
{[%emt 00:02:27]} exd4 {[%clk 01:01:04]} {[%emt 00:03:27]} 18. Bxd4 {[%clk
01:06:18]} {[%emt 00:01:56]} c5 {[%clk 01:01:12]} {[%emt 00:00:23]} 19. Bxf6
{[%clk 01:06:04]} {[%emt 00:00:42]} Qxf6 {[%clk 01:01:19]} {[%emt 00:00:24]}
20. Qd2 {[%clk 01:03:47]} {[%emt 00:02:47]} Rcd8 {[%clk 01:01:05]} {[%emt
00:00:42]} 21. Nh5 {[%clk 00:59:00]} {[%emt 00:05:18]} Qe7 {[%clk 00:58:22]}
{[%emt 00:03:07]} 22. a4 {[%clk 00:57:10]} {[%emt 00:02:26]} Bb8 {[%clk
00:56:36]} {[%emt 00:02:17]} 23. axb5 {[%clk 00:47:51]} {[%emt 00:09:49]} axb5
{[%clk 00:56:51]} {[%emt 00:00:13]} 24. Qd3 {[%clk 00:46:52]} {[%emt 00:01:30]}
Ne5 {[%clk 00:50:43]} {[%emt 00:06:36]} 25. Nxe5 {[%clk 00:40:31]} {[%emt
00:06:52]} Qxe5 {[%clk 00:48:25]} {[%emt 00:02:49]} 26. Qxb5 {[%clk 00:39:37]}
{[%emt 00:01:25]} Bc8 {[%clk 00:48:05]} {[%emt 00:00:47]} 27. Ng3 {[%clk
00:37:29]} {[%emt 00:02:40]} Bd7 {[%clk 00:43:18]} {[%emt 00:05:16]} 28. Qd3
{[%clk 00:33:30]} {[%emt 00:04:30]} h5 {[%clk 00:41:20]} {[%emt 00:02:26]} 29.
Qd2 {[%clk 00:28:42]} {[%emt 00:05:20]} h4 {[%clk 00:41:20]} {[%emt 00:00:28]}
30. Nf1 {[%clk 00:29:10]} {[%emt 00:00:03]} Re6 {[%clk 00:40:21]} {[%emt
00:01:28]} 31. f4 {[%clk 00:27:25]} {[%emt 00:02:17]} Qh5 {[%clk 00:37:50]}
{[%emt 00:02:57]} 32. f5 {[%clk 00:23:39]} {[%emt 00:04:20]} Re5 {[%clk
00:36:42]} {[%emt 00:01:35]} 33. Bd1 {[%clk 00:21:16]} {[%emt 00:02:56]} Qh7
{[%clk 00:36:41]} {[%emt 00:00:31]} 34. Nh2 {[%clk 00:19:57]} {[%emt 00:01:49]}
Rde8 {[%clk 00:35:34]} {[%emt 00:01:36]} 35. Bc2 {[%clk 00:19:32]} {[%emt
00:00:56]} Bc6 {[%clk 00:35:20]} {[%emt 00:00:40]} 36. Ng4 {[%clk 00:19:23]}
{[%emt 00:00:42]} R5e7 {[%clk 00:34:45]} {[%emt 00:01:06]} 37. Ba4 {[%clk
00:12:18]} {[%emt 00:07:35]} Bxa4 {[%clk 00:33:12]} {[%emt 00:02:03]} 38. Rxa4
{[%clk 00:12:07]} {[%emt 00:00:41]} Kh8 {[%clk 00:18:13]} {[%emt 00:15:29]} 39.
Qd5 {[%clk 00:08:13]} {[%emt 00:04:24]} f6 {[%clk 00:17:42]} {[%emt 00:01:00]}
40. Re2 {[%clk 00:01:03]} {[%emt 00:07:40]} Qg8 {[%clk 00:17:02]} {[%emt
00:01:08]} 41. Qxg8+ {[%clk 00:01:15]} {[%emt 00:00:22]} Kxg8 {[%clk 00:17:20]}
{[%emt 00:00:10]} 42. c4 {[%clk 00:01:18]} {[%emt 00:00:28]} Rxe4 {[%clk
00:17:15]} {[%emt 00:00:35]} 43. Rxe4 {[%clk 00:01:34]} {[%emt 00:00:15]} Rxe4
{[%emt 00:00:24]} 44. Ra8 {[%clk 00:01:29]} {[%emt 00:00:10]} Re8 {[%clk
00:18:09]} {[%emt 00:00:07]} 45. b3 {[%clk 00:01:07]} {[%emt 00:00:53]} d5
{[%clk 00:18:32]} {[%emt 00:00:06]} 46. Kf1 {[%clk 00:00:52]} {[%emt 00:00:45]}
d4 {[%clk 00:17:18]} {[%emt 00:01:43]} 47. Nf2 {[%clk 00:00:33]} {[%emt
00:00:49]} Kf7 {[%clk 00:17:19]} {[%emt 00:00:28]} 48. Nd3 {[%clk 00:00:55]}
{[%emt 00:00:10]} Bd6 {[%clk 00:16:55]} {[%emt 00:00:51]} 49. Rxe8 {[%clk
00:00:56]} {[%emt 00:00:32]} Kxe8 {[%clk 00:17:12]} {[%emt 00:00:13]} 50. Kf2
{[%clk 00:00:56]} {[%emt 00:00:30]} Kd7 {[%clk 00:17:14]} {[%emt 00:00:27]} 51.
Kf3 {[%clk 00:01:14]} {[%emt 00:00:13]} Kc6 {[%clk 00:16:47]} {[%emt 00:00:55]}
52. Kg4 {[%clk 00:01:24]} {[%emt 00:00:21]} Bg3 {[%clk 00:17:07]} {[%emt
00:00:09]} 53. Kh5 {[%clk 00:01:39]} {[%emt 00:00:17]} Kb6 {[%clk 00:17:15]}
{[%emt 00:00:17]} 54. Kg6 {[%clk 00:01:41]} {[%emt 00:00:32]} Kc6 {[%clk
00:17:06]} {[%emt 00:00:36]} 55. Kxg7 {[%clk 00:02:00]} {[%emt 00:00:15]} Be5
{[%clk 00:16:38]} {[%emt 00:00:59]} 56. Kg6 {[%clk 00:29:53]} {[%emt 00:02:36]}
Kd6 {[%clk 00:46:38]} {[%emt 00:00:27]} 57. Kf7 {[%clk 00:30:00]} {[%emt
00:00:26]} Kc6 {[%clk 00:46:34]} {[%emt 00:00:32]} 58. Ke6 {[%clk 00:30:15]}
{[%emt 00:00:16]} Kb6 {[%clk 00:45:54]} {[%emt 00:01:07]} 59. Kd5 {[%clk
00:30:36]} {[%emt 00:00:13]} Kc7 {[%clk 00:40:24]} {[%emt 00:05:57]} 60. Kxc5
{[%clk 00:30:45]} {[%emt 00:00:25]} Kb7 {[%clk 00:40:37]} {[%emt 00:00:16]} 61.
b4 {[%clk 00:30:10]} {[%emt 00:01:04]} Kc7 {[%clk 00:40:22]} {[%emt 00:00:46]}
62. Kd5 {[%clk 00:30:20]} {[%emt 00:00:19]} Kd7 {[%clk 00:37:05]} {[%emt
00:03:48]} 63. c5 {[%clk 00:29:55]} {[%emt 00:00:55]} Kc7 {[%clk 00:36:53]}
{[%emt 00:00:43]} 64. b5 {[%clk 00:30:19]} {[%emt 00:00:05]} Kb7 {[%clk
00:36:21]} {[%emt 00:01:02]} 65. Nxe5 {[%clk 00:30:21]} {[%emt 00:00:28]} fxe5
{[%clk 00:36:30]} {[%emt 00:00:20]} 66. Ke4 {[%clk 00:30:47]} {[%emt 00:00:05]}
Kc7 {[%clk 00:36:49]} {[%emt 00:00:11]} 67. f6 {[%clk 00:30:53]} {[%emt
00:00:25]} Kd7 {[%clk 00:37:11]} {[%emt 00:00:04]} 68. c6+ {[%clk 00:30:59]}
{[%emt 00:00:27]} Kd6 {[%clk 00:37:37]} {[%emt 00:00:04]} 69. f7 {[%clk
00:31:22]} {[%emt 00:00:07]} 1-0

[Event "DEM U12 2025"]
[Site "Willingen GER"]
[Date "2025.06.14"]
[Round "9"]
[White "Ishcenko, Volodymyr"]
[Black "Moskalenko, Michael"]
[Result "1/2-1/2"]
[Termination "normal"]
[Board "28"]
[WhiteElo "1528"]
[BlackElo "1720"]
[WhiteClock "00:02:23"]
[BlackClock "01:06:28"]
[PlyCount "43"]
[WhiteFideId "34660208"]
[BlackFideId "34608877"]
[EventCountry "GER"]
[EventRounds "9"]
[EventType "swiss"]
[EventDate "2025.06.07"]

1. e4 {[%clk 01:30:57]} {[%emt 00:00:03]} c5 {[%clk 01:30:58]} {[%emt
00:00:02]} 2. Nf3 {[%clk 01:31:15]} {[%emt 00:00:12]} e6 {[%clk 01:31:21]}
{[%emt 00:00:06]} 3. d4 {[%clk 01:31:39]} {[%emt 00:00:06]} cxd4 {[%clk
01:31:46]} {[%emt 00:00:05]} 4. Nxd4 {[%clk 01:32:05]} {[%emt 00:00:05]} Nf6
{[%clk 01:32:09]} {[%emt 00:00:06]} 5. Bd3 {[%clk 01:32:24]} {[%emt 00:00:11]}
a6 {[%clk 01:29:48]} {[%emt 00:02:52]} 6. O-O {[%clk 01:30:47]} {[%emt
00:02:06]} Qc7 {[%clk 01:29:42]} {[%emt 00:00:36]} 7. Bg5 {[%clk 01:26:37]}
{[%emt 00:04:38]} Be7 {[%clk 01:27:42]} {[%emt 00:02:31]} 8. Re1 {[%clk
01:19:15]} {[%emt 00:07:53]} d6 {[%clk 01:27:30]} {[%emt 00:00:42]} 9. Nc3
{[%clk 01:17:36]} {[%emt 00:02:08]} O-O {[%clk 01:26:38]} {[%emt 00:01:24]} 10.
Qf3 {[%clk 01:07:32]} {[%emt 00:10:31]} Nbd7 {[%clk 01:19:40]} {[%emt
00:07:30]} 11. Qh3 {[%clk 00:37:39]} {[%emt 00:30:20]} h6 {[%clk 01:17:48]}
{[%emt 00:02:26]} 12. Bxh6 {[%clk 00:04:58]} {[%emt 00:33:11]} gxh6 {[%clk
01:17:44]} {[%emt 00:00:34]} 13. Qxh6 {[%clk 00:00:36]} {[%emt 00:04:49]} Ne5
{[%clk 01:11:33]} {[%emt 00:06:43]} 14. Re3 {[%clk 00:00:32]} {[%emt 00:00:35]}
Ng6 {[%clk 01:10:58]} {[%emt 00:01:05]} 15. e5 {[%clk 00:00:32]} {[%emt
00:00:30]} Ng4 {[%clk 01:10:38]} {[%emt 00:00:50]} 16. Qh5 {[%clk 00:00:32]}
{[%emt 00:00:30]} Nxe3 {[%clk 01:06:05]} {[%emt 00:05:02]} 17. Bxg6 {[%clk
00:00:45]} {[%emt 00:00:17]} fxg6 {[%clk 01:05:12]} {[%emt 00:01:22]} 18. Qxg6+
{[%clk 00:01:06]} {[%emt 00:00:08]} Kh8 {[%clk 01:05:31]} {[%emt 00:00:13]} 19.
Qh6+ {[%clk 00:01:20]} {[%emt 00:00:16]} Kg8 {[%clk 01:05:49]} {[%emt
00:00:12]} 20. Qg6+ {[%clk 00:01:37]} {[%emt 00:00:12]} Kh8 {[%clk 01:06:08]}
{[%emt 00:00:11]} 21. Qh6+ {[%clk 00:02:02]} {[%emt 00:00:06]} Kg8 {[%clk
01:06:28]} {[%emt 00:00:09]} 22. Qg6+ {[%clk 00:02:23]} {[%emt 00:00:08]}
1/2-1/2

[Event "DEM U12 2025"]
[Site "Willingen GER"]
[Date "2025.06.14"]
[Round "9"]
[White "Hellriegel, Hannes"]
[Black "König, Lian"]
[Result "1/2-1/2"]
[Termination "normal"]
[Board "29"]
[WhiteElo "1849"]
[BlackElo "1450"]
[WhiteClock "00:25:19"]
[BlackClock "00:31:06"]
[PlyCount "83"]
[WhiteFideId "34623701"]
[BlackFideId "34660216"]
[EventCountry "GER"]
[EventRounds "9"]
[EventType "swiss"]
[EventDate "2025.06.07"]

1. e4 {[%clk 01:30:59]} {[%emt 00:00:02]} e5 {[%clk 01:30:54]} {[%emt
00:00:04]} 2. Nf3 {[%clk 01:31:27]} {[%emt 00:00:03]} Nc6 {[%clk 01:31:16]}
{[%emt 00:00:09]} 3. Nc3 {[%clk 01:31:54]} {[%emt 00:00:03]} Nf6 {[%clk
01:31:35]} {[%emt 00:00:11]} 4. a3 {[%clk 01:32:21]} {[%emt 00:00:03]} Bc5
{[%clk 01:31:24]} {[%emt 00:00:41]} 5. Nxe5 {[%clk 01:32:45]} {[%emt 00:00:06]}
Nxe5 {[%clk 01:31:42]} {[%emt 00:00:12]} 6. d4 {[%clk 01:33:12]} {[%emt
00:00:03]} Bd6 {[%clk 01:30:12]} {[%emt 00:02:01]} 7. f4 {[%clk 01:33:29]}
{[%emt 00:00:12]} Nc6 {[%clk 01:23:10]} {[%emt 00:07:31]} 8. e5 {[%clk
01:33:52]} {[%emt 00:00:08]} Be7 {[%clk 01:22:19]} {[%emt 00:01:21]} 9. exf6
{[%clk 01:16:44]} {[%emt 00:17:38]} Bxf6 {[%clk 01:21:25]} {[%emt 00:01:23]}
10. Be3 {[%clk 01:13:19]} {[%emt 00:03:55]} O-O {[%clk 01:16:18]} {[%emt
00:05:37]} 11. Qd2 {[%clk 01:11:01]} {[%emt 00:02:48]} d5 {[%clk 01:11:54]}
{[%emt 00:04:54]} 12. O-O-O {[%clk 01:08:19]} {[%emt 00:03:12]} Ne7 {[%clk
01:06:26]} {[%emt 00:05:58]} 13. Be2 {[%clk 01:01:43]} {[%emt 00:07:06]} Nf5
{[%clk 01:04:14]} {[%emt 00:02:42]} 14. Bf2 {[%clk 01:00:27]} {[%emt 00:01:45]}
c6 {[%clk 01:02:06]} {[%emt 00:02:40]} 15. g4 {[%clk 00:50:54]} {[%emt
00:10:02]} Nd6 {[%clk 01:01:14]} {[%emt 00:01:22]} 16. h4 {[%clk 00:48:18]}
{[%emt 00:03:06]} Be7 {[%clk 00:53:05]} {[%emt 00:08:40]} 17. Rdg1 {[%clk
00:45:04]} {[%emt 00:03:43]} f5 {[%clk 00:47:20]} {[%emt 00:06:15]} 18. g5
{[%clk 00:44:05]} {[%emt 00:01:29]} Ne4 {[%clk 00:45:18]} {[%emt 00:02:32]} 19.
Nxe4 {[%clk 00:39:51]} {[%emt 00:04:45]} fxe4 {[%clk 00:44:45]} {[%emt
00:01:03]} 20. Be3 {[%clk 00:37:17]} {[%emt 00:03:03]} Bf5 {[%clk 00:43:59]}
{[%emt 00:01:16]} 21. Bg4 {[%clk 00:32:35]} {[%emt 00:05:12]} Qd7 {[%clk
00:43:09]} {[%emt 00:01:20]} 22. Qe2 {[%clk 00:25:20]} {[%emt 00:07:44]} Rac8
{[%clk 00:40:21]} {[%emt 00:03:20]} 23. h5 {[%clk 00:23:13]} {[%emt 00:02:37]}
Qe6 {[%clk 00:29:59]} {[%emt 00:10:50]} 24. Kb1 {[%clk 00:21:46]} {[%emt
00:01:58]} Rfd8 {[%clk 00:25:18]} {[%emt 00:05:11]} 25. b4 {[%clk 00:15:17]}
{[%emt 00:06:59]} b5 {[%clk 00:21:24]} {[%emt 00:04:24]} 26. Kb2 {[%clk
00:14:58]} {[%emt 00:00:49]} a6 {[%clk 00:17:46]} {[%emt 00:04:08]} 27. c3
{[%clk 00:13:42]} {[%emt 00:01:46]} Rc7 {[%clk 00:16:52]} {[%emt 00:01:24]} 28.
Bd2 {[%clk 00:13:10]} {[%emt 00:01:02]} Rdc8 {[%clk 00:16:23]} {[%emt
00:00:59]} 29. a4 {[%clk 00:10:58]} {[%emt 00:02:42]} Kf8 {[%clk 00:13:50]}
{[%emt 00:03:03]} 30. Bxf5 {[%clk 00:10:34]} {[%emt 00:00:54]} Qxf5 {[%clk
00:13:04]} {[%emt 00:01:16]} 31. Qg4 {[%clk 00:09:18]} {[%emt 00:01:46]} Qxg4
{[%clk 00:05:08]} {[%emt 00:08:27]} 32. Rxg4 {[%clk 00:09:44]} {[%emt
00:00:03]} Bd6 {[%clk 00:01:29]} {[%emt 00:04:09]} 33. a5 {[%clk 00:09:27]}
{[%emt 00:00:48]} Re7 {[%clk 00:01:04]} {[%emt 00:00:54]} 34. Be3 {[%clk
00:06:54]} {[%emt 00:03:03]} Kg8 {[%clk 00:01:01]} {[%emt 00:00:33]} 35. f5
{[%clk 00:06:11]} {[%emt 00:01:13]} Rf8 {[%clk 00:00:53]} {[%emt 00:00:38]} 36.
f6 {[%clk 00:03:07]} {[%emt 00:03:34]} Re6 {[%clk 00:00:57]} {[%emt 00:00:26]}
37. fxg7 {[%clk 00:00:59]} {[%emt 00:02:38]} Kxg7 {[%clk 00:01:18]} {[%emt
00:00:09]} 38. g6 {[%clk 00:00:40]} {[%emt 00:00:49]} h6 {[%clk 00:01:30]}
{[%emt 00:00:18]} 39. Rhg1 {[%clk 00:00:37]} {[%emt 00:00:33]} Ref6 {[%clk
00:01:07]} {[%emt 00:00:53]} 40. Kb3 {[%clk 00:00:36]} {[%emt 00:00:31]} Bf4
{[%clk 00:00:48]} {[%emt 00:00:48]} 41. Bxf4 {[%clk 00:25:07]} {[%emt
00:06:42]} Rxf4 {[%clk 00:31:06]} {[%emt 00:00:12]} 42. Rxf4 {[%clk 00:25:19]}
{[%emt 00:00:16]} 1/2-1/2

[Event "DEM U12 2025"]
[Site "Willingen GER"]
[Date "2025.06.14"]
[Round "9"]
[White "Shneider, Illia"]
[Black "Spielmann, Jan"]
[Result "1/2-1/2"]
[Termination "normal"]
[Board "30"]
[WhiteElo "1799"]
[BlackElo "1667"]
[WhiteClock "00:18:27"]
[BlackClock "00:10:48"]
[PlyCount "91"]
[WhiteFideId "34166300"]
[BlackFideId "34680039"]
[EventCountry "GER"]
[EventRounds "9"]
[EventType "swiss"]
[EventDate "2025.06.07"]

1. e4 {[%clk 01:30:51]} {[%emt 00:00:08]} Nf6 {[%clk 01:30:54]} {[%emt
00:00:07]} 2. d3 {[%clk 01:31:14]} {[%emt 00:00:07]} e5 {[%clk 01:31:19]}
{[%emt 00:00:05]} 3. Nf3 {[%clk 01:31:38]} {[%emt 00:00:06]} Nc6 {[%clk
01:31:10]} {[%emt 00:00:39]} 4. g3 {[%clk 01:31:55]} {[%emt 00:00:12]} Bc5
{[%clk 01:30:20]} {[%emt 00:01:21]} 5. Bg2 {[%clk 01:32:10]} {[%emt 00:00:14]}
d6 {[%clk 01:30:26]} {[%emt 00:00:25]} 6. O-O {[%clk 01:32:20]} {[%emt
00:00:19]} h6 {[%clk 01:29:52]} {[%emt 00:01:05]} 7. h3 {[%clk 01:32:45]}
{[%emt 00:00:05]} O-O {[%clk 01:30:01]} {[%emt 00:00:21]} 8. c3 {[%clk
01:32:00]} {[%emt 00:01:15]} Bd7 {[%clk 01:15:19]} {[%emt 00:15:13]} 9. a3
{[%clk 01:22:48]} {[%emt 00:09:41]} a5 {[%clk 01:10:40]} {[%emt 00:05:09]} 10.
Qe2 {[%clk 01:22:55]} {[%emt 00:00:22]} a4 {[%clk 01:08:01]} {[%emt 00:03:10]}
11. Be3 {[%clk 01:23:07]} {[%emt 00:00:19]} Bxe3 {[%clk 01:07:13]} {[%emt
00:01:16]} 12. Qxe3 {[%clk 01:23:18]} {[%emt 00:00:19]} Re8 {[%clk 00:55:16]}
{[%emt 00:12:28]} 13. Nbd2 {[%clk 01:23:31]} {[%emt 00:00:17]} d5 {[%clk
00:54:17]} {[%emt 00:01:30]} 14. Rad1 {[%clk 01:12:49]} {[%emt 00:11:10]} Be6
{[%clk 00:41:11]} {[%emt 00:13:36]} 15. c4 {[%clk 01:01:56]} {[%emt 00:11:24]}
d4 {[%clk 00:39:49]} {[%emt 00:01:52]} 16. Qe2 {[%clk 00:58:30]} {[%emt
00:03:54]} Nd7 {[%clk 00:37:35]} {[%emt 00:02:46]} 17. Ne1 {[%clk 00:58:10]}
{[%emt 00:00:50]} Nc5 {[%clk 00:33:46]} {[%emt 00:04:18]} 18. f4 {[%clk
00:58:17]} {[%emt 00:00:23]} f6 {[%clk 00:33:18]} {[%emt 00:00:57]} 19. Kh2
{[%clk 00:57:08]} {[%emt 00:01:40]} Rb8 {[%clk 00:31:06]} {[%emt 00:02:43]} 20.
f5 {[%clk 00:38:34]} {[%emt 00:19:03]} Bf7 {[%clk 00:31:27]} {[%emt 00:00:09]}
21. Bf3 {[%clk 00:38:18]} {[%emt 00:00:46]} Qd7 {[%clk 00:30:36]} {[%emt
00:01:22]} 22. Bh5 {[%clk 00:38:35]} {[%emt 00:00:12]} Bxh5 {[%clk 00:30:46]}
{[%emt 00:00:19]} 23. Qxh5 {[%clk 00:38:57]} {[%emt 00:00:09]} Qf7 {[%clk
00:31:10]} {[%emt 00:00:07]} 24. Qxf7+ {[%clk 00:33:11]} {[%emt 00:06:15]} Kxf7
{[%clk 00:31:34]} {[%emt 00:00:06]} 25. Rb1 {[%clk 00:32:53]} {[%emt 00:00:47]}
Na5 {[%clk 00:31:09]} {[%emt 00:00:56]} 26. Rf3 {[%clk 00:32:56]} {[%emt
00:00:26]} Nab3 {[%clk 00:31:15]} {[%emt 00:00:25]} 27. Nxb3 {[%clk 00:33:06]}
{[%emt 00:00:19]} Nxb3 {[%clk 00:31:41]} {[%emt 00:00:05]} 28. Rf2 {[%emt
00:01:47]} c5 {[%clk 00:30:45]} 29. Nf3 {[%clk 00:32:53]} {[%emt 00:00:52]} b5
{[%clk 00:30:19]} {[%emt 00:00:57]} 30. Rc2 {[%clk 00:31:47]} {[%emt 00:01:35]}
bxc4 {[%clk 00:28:28]} {[%emt 00:02:22]} 31. Rxc4 {[%clk 00:29:33]} {[%emt
00:02:43]} Ra8 {[%clk 00:27:40]} {[%emt 00:01:19]} 32. Rc2 {[%clk 00:29:36]}
{[%emt 00:00:26]} Rec8 {[%clk 00:27:36]} {[%emt 00:00:34]} 33. Rd1 {[%clk
00:29:03]} {[%emt 00:01:02]} Na5 {[%clk 00:27:17]} {[%emt 00:00:50]} 34. Nd2
{[%clk 00:28:52]} {[%emt 00:00:40]} Rab8 {[%clk 00:25:48]} {[%emt 00:02:00]}
35. Kg2 {[%clk 00:27:03]} {[%emt 00:02:17]} Ke7 {[%clk 00:24:15]} {[%emt
00:02:05]} 36. Kf3 {[%clk 00:26:50]} {[%emt 00:00:43]} c4 {[%clk 00:10:03]}
{[%emt 00:14:42]} 37. Nxc4 {[%clk 00:25:22]} {[%emt 00:01:57]} Nxc4 {[%clk
00:10:26]} {[%emt 00:00:08]} 38. dxc4 {[%clk 00:25:21]} {[%emt 00:00:31]} Rb3+
{[%clk 00:10:45]} {[%emt 00:00:11]} 39. Kf2 {[%clk 00:21:36]} {[%emt 00:04:15]}
d3 {[%clk 00:10:19]} {[%emt 00:00:56]} 40. Rcd2 {[%clk 00:21:39]} {[%emt
00:00:26]} Rxc4 {[%clk 00:10:38]} {[%emt 00:00:12]} 41. Rxd3 {[%clk 00:21:43]}
{[%emt 00:00:26]} Rxd3 {[%clk 00:10:55]} {[%emt 00:00:12]} 42. Rxd3 {[%clk
00:22:02]} {[%emt 00:00:11]} Rc2+ {[%clk 00:11:22]} {[%emt 00:00:03]} 43. Ke3
{[%clk 00:21:36]} {[%emt 00:00:57]} Rxb2 {[%clk 00:11:45]} {[%emt 00:00:07]}
44. Rc3 {[%clk 00:20:06]} {[%emt 00:01:59]} Kd6 {[%clk 00:10:54]} {[%emt
00:01:11]} 45. h4 {[%clk 00:19:35]} {[%emt 00:01:12]} h5 {[%clk 00:10:48]}
{[%emt 00:00:36]} 46. Kd3 {[%clk 00:18:27]} {[%emt 00:01:37]} 1/2-1/2